జీవితాన్ని మార్చే దివ్యరత్నం (Record no. 24733)

MARC details
000 -LEADER
fixed length control field 01269nam a22002777a 4500
005 - DATE AND TIME OF LATEST TRANSACTION
control field 20090304102414.0
008 - FIXED-LENGTH DATA ELEMENTS--GENERAL INFORMATION
fixed length control field 090212t xxu||||| |||| 00| 0 eng d
010 ## - LCCN (DPL NO)
LC control number TEL-5038
020 ## - INTERNATIONAL STANDARD BOOK NUMBER
Terms of availability Rs.50.00
035 ## - SYSTEM CONTROL NUMBER
System control number TL-4044
037 ## - SOURCE OF ACQUISITION
Source of stock number/acquisition DBAD / PUB
040 ## - CATALOGING SOURCE
Original cataloging agency dpl
Language of cataloging Telugu
082 ## - DEWEY DECIMAL CLASSIFICATION NUMBER
Classification number 133.322
100 ## - MAIN ENTRY--PERSONAL NAME
Personal name మహేంద్రబాబు, బి.
245 ## - TITLE STATEMENT
Title జీవితాన్ని మార్చే దివ్యరత్నం
Statement of responsibility, etc / బి.మహేంద్రబాబు
Remainder of title :నవరత్నాల గురించి సంపూర్ణ వివరణ
246 ## - VARYING FORM OF TITLE
Title proper/short title Jeevitaanni marche divyaratnam:navaratnaala gurinchi sampurna vivarana
Remainder of title B.Mahendrababu
260 ## - PUBLICATION, DISTRIBUTION, ETC. (IMPRINT)
Place of publication, distribution, etc విజయవాడ
Name of publisher, distributor, etc ఋషి ప్రచురణలు
Date of publication, distribution, etc 2008
270 ## - ADDRESS
Address మెయిన్ రోడ్, హనుమాన్ పేట
City విజయవాడ
Postal code 520 003
300 ## - PHYSICAL DESCRIPTION
Extent 128పే.
Dimensions 23 సె.మీ.
650 ## - SUBJECT ADDED ENTRY--TOPICAL TERM
Topical term or geographic name as entry element రత్నాలు
650 ## - SUBJECT ADDED ENTRY--TOPICAL TERM
Topical term or geographic name as entry element Gems
650 ## - SUBJECT ADDED ENTRY--TOPICAL TERM
Topical term or geographic name as entry element జ్యోతిషము
650 ## - SUBJECT ADDED ENTRY--TOPICAL TERM
Topical term or geographic name as entry element Astrology
942 ## - ADDED ENTRY ELEMENTS (KOHA)
Source of classification or shelving scheme Dewey Decimal Classification
Item type Telugu
Classification part 133.322
Call number suffix / MAH
Holdings
Withdrawn status Lost status Source of classification or shelving scheme Damaged status Not for loan Home library Current library Date acquired Cost, normal purchase price Total Checkouts Full call number Barcode Date last seen Cost, replacement price Koha item type
    Dewey Decimal Classification     D.B.Act.Division D.B.Act.Division 04/03/2009 50.00   133.322 / MAH TL-4044 04/03/2009 50.00 Telugu

© Delhi Public Library
Hit Counter
free hit counter